| 000 | 00397nam a22001577a 4500 | ||
|---|---|---|---|
| 008 | 220628b ||||| |||| 00| 0 eng d | ||
| 020 | _a9780349119458 | ||
| 082 |
_a823.914 _bDIL |
||
| 100 | _aDivakaruni Chitra Banerjee | ||
| 245 |
_aLives of Strangers _cBy Chitra Banerjee Divakaruni |
||
| 260 |
_aIndia _bABACUS _c2005 |
||
| 300 | _a267p. | ||
| 650 | _aENGLISH | ||
| 942 | _cBK | ||
| 999 |
_c45034 _d45034 |
||
| 041 | _aeng | ||